000 00371nam a2200145Ia 4500
008 241014s9999||||xx |||||||||||||| ||und||
020 _a0-19-262669-8
100 _aFulder, Stephen
245 4 _aThe Handbook of Alternative and Complementary Medicine
250 _a3rd
260 _bOxford university press
300 _a317
650 _aMedicine
942 _bSPH
_cBK
999 _c19270
_d19270